Statystyki dla Świat starożytnej Grecji – wpisywanie

Kliknij tutaj aby rozwiązać quiz!

Ogólne statystyki

  • Ten quiz został rozwiązany 155 razy
    (75 od ostatniego zresetowania)
  • Średni wynik to 7 z 21

Odpowiedzi na mapie

Odpowiedzi skodowane kolorowo w zielono-czerwonej skali na mapie do tego quizu, zgodnie z poniższymi procentami.
 

Statystyki odpowiedzi

Odpowiedż% Poprawnych
Kreta
87%
Macedonia
70%
Peloponez
63%
Rodos
60%
Olimp
53%
Attyka
50%
Epir
43%
Morze Egejskie
34%
Eubea
30%
Bizancjum
29%
Efez
26%
Knossos
26%
Morze Jońskie
26%
Milet
21%
Ilion
17%
Morze Marmara
14%
Mykeny
14%
Olimpia
14%
Halikarnas
10%
Delos
9%
Cieśnina Hellespont
3%

Rozkład punktacji

Percentyl według liczby udzielonych odpowiedzi

Procent ludzi z każdym wynikiem

Twoja historia wyników

Nie rozwiązałeś tego quizu od ostatniego zresetowania